[Event "4NCL Division 2a"]
[Site "Hinckley Island ENG"]
[Date "2015.01.10"]
[Round "3.244"]
[White "Granat, Russell"]
[Black "Churm, Rohan M"]
[Result "1/2-1/2"]
[WhiteElo "2196"]
[BlackElo "2167"]
[PlyCount "55"]
[EventDate "2015.01.10"]
[WhiteTeam "Guildford 3"]
[BlackTeam "Cambridge University 2"]

1. e4 e6 2. c4 d5 3. cxd5 exd5 4. e5 c5 5. f4 Nh6 6. Nf3 Nc6 7. Be2 Be7 8. O-O
O-O 9. d3 b5 10. h3 Nf5 11. Kh2 Nfd4 12. Nxd4 Nxd4 13. Be3 Nxe2 14. Qxe2 d4 15.
Bf2 Bb7 16. Nd2 Rc8 17. b3 Re8 18. Qg4 Qd5 19. Qf3 Qxf3 20. gxf3 Bd5 21. Rac1
a5 22. Rc2 f5 23. exf6 gxf6 24. Rg1+ Kf7 25. Ne4 Rc6 26. f5 Ra8 27. Rgc1 Rac8
28. Rb1 1/2-1/2

[Event "4NCL Division 2a"]
[Site "Hinckley Island ENG"]
[Date "2015.01.10"]
[Round "3.245"]
[White "Pickard, Charles"]
[Black "Osborne, Marcus"]
[Result "1/2-1/2"]
[WhiteElo "2131"]
[BlackElo "2186"]
[PlyCount "59"]
[EventDate "2015.01.10"]
[WhiteTeam "Cambridge University 2"]
[BlackTeam "Guildford 3"]

1. Nf3 Nf6 2. c4 g6 3. g3 Bg7 4. Bg2 O-O 5. O-O d6 6. Nc3 c6 7. d3 Nbd7 8. Bd2
a5 9. Qc2 Nb6 10. b3 Bd7 11. h3 Re8 12. e4 e5 13. Be3 d5 14. Bc5 d4 15. Bxb6
Qxb6 16. Na4 Qd8 17. c5 Qe7 18. Nd2 Be6 19. a3 Nd7 20. b4 Ra7 21. Nb3 axb4 22.
axb4 Bxb3 23. Qxb3 Rea8 24. Ra3 Qe6 25. Qc2 Bf8 26. Rfa1 b5 27. cxb6 Nxb6 28.
Nc5 Rxa3 29. Nxe6 Rxa1+ 30. Kh2 {Unable to follow scoresheets} 1/2-1/2

[Event "4NCL Division 2a"]
[Site "Hinckley Island ENG"]
[Date "2015.01.10"]
[Round "3.246"]
[White "Emerson, Roger"]
[Black "Somerfield, Adrian P"]
[Result "1-0"]
[WhiteElo "2184"]
[BlackElo "2118"]
[PlyCount "67"]
[EventDate "2015.01.10"]
[WhiteTeam "Guildford 3"]
[BlackTeam "Cambridge University 2"]

1. d4 Nf6 2. c4 g6 3. Nc3 Bg7 4. e4 d6 5. Be2 O-O 6. Bg5 h6 7. Bf4 Na6 8. Qd2
Kh7 9. h3 c5 10. d5 Bd7 11. Nf3 Nc7 12. a4 a6 13. a5 Nce8 14. O-O b5 15. axb6
Qxb6 16. Bd3 Nh5 17. Be3 Qc7 18. g4 Nhf6 19. Bf4 Ra7 20. Rfe1 Qc8 21. Nh2 h5
22. f3 e5 23. Be3 Rb7 24. Rxa6 Rxb2 25. Qxb2 Qxa6 26. Ra1 Qc8 27. Ra7 hxg4 28.
fxg4 Rh8 29. Qb7 Qxb7 30. Rxb7 Bc8 31. Ra7 Kg8 32. Kg2 Kf8 33. Na4 Nd7 34. Bd2
1-0

[Event "4NCL Division 2a"]
[Site "Hinckley Island ENG"]
[Date "2015.01.10"]
[Round "3.247"]
[White "Robertson, Stuart"]
[Black "Zhang, Anthony"]
[Result "0-1"]
[WhiteElo "2094"]
[BlackElo "2085"]
[PlyCount "124"]
[EventDate "2015.01.10"]
[WhiteTeam "Cambridge University 2"]
[BlackTeam "Guildford 3"]

1. d4 d5 2. c4 c6 3. Nf3 Nf6 4. Nc3 dxc4 5. a4 Bf5 6. Nh4 Bg4 7. f3 Bh5 8. g4
Bg6 9. e4 e6 10. Ng2 Bb4 11. Bxc4 Qa5 12. Qb3 Nbd7 13. h4 h5 14. g5 Ng8 15. Nf4
Ne7 16. Nd3 Bxc3+ 17. Qxc3 Qxc3+ 18. bxc3 O-O 19. Ba3 Rfe8 20. Kf2 Nc8 21. Ne5
Nxe5 22. dxe5 Nb6 23. Bb3 Nd7 24. Bd6 f6 25. exf6 gxf6 26. gxf6 Nxf6 27. Rhg1
Kh7 28. Rg5 Rad8 29. Be5 Nd7 30. Bc7 Rc8 31. Rag1 Rxc7 32. Rxg6 Nf8 33. R6g5
Kh6 34. f4 Rf7 35. Bd1 Rxf4+ 36. Kg3 e5 37. Rxh5+ Kg7 38. Rxe5 Rxe5 39. Kxf4+
Kf6 40. Rg5 Ne6+ 41. Ke3 Nxg5 42. hxg5+ Rxg5 43. Kd4 Ke6 44. Bb3+ Kd6 45. Bf7
b6 46. Kc4 Rg4 47. Kd4 c5+ 48. Kd3 Ke5 49. Bd5 Rg1 50. Kc4 Rb1 51. Bc6 Kd6 52.
Bd5 a6 53. Bf7 b5+ 54. axb5 axb5+ 55. Kd3 Ke5 56. Bg6 Rd1+ 57. Kc2 Rd6 58. Bf5
Kf4 59. Bh7 c4 60. Bf5 Ke3 61. Kb2 Kd2 62. Bc8 b4 0-1

[Event "4NCL Division 2a"]
[Site "Hinckley Island ENG"]
[Date "2015.01.10"]
[Round "3.99"]
[White "Meyer, Gordon"]
[Black "Gordon-Brown, Alexander J"]
[Result "1/2-1/2"]
[WhiteElo "2161"]
[BlackElo "2021"]
[PlyCount "116"]
[EventDate "2015.01.10"]

1. c4 Nf6 2. Nc3 e6 3. d4 Bb4 4. Qc2 b6 5. a3 Bxc3+ 6. Qxc3 Bb7 7. Bg5 d6 8. f3
c5 9. e3 Nbd7 10. Bd3 d5 11. dxc5 dxc4 12. Bxc4 Rc8 13. Bxf6 Qxf6 14. Qxf6 gxf6
15. Ne2 Rxc5 16. Bb3 Rg8 17. Kf2 Ba6 18. Nd4 Ne5 19. Ba4+ Ke7 20. Rhb1 Rgc8 21.
Kg1 Bd3 22. Rd1 b5 23. b4 Rd5 24. Bb3 Bc4 25. Bc2 h6 26. a4 a6 27. Be4 Rd7 28.
axb5 axb5 29. h3 f5 30. Bc2 Bd5 31. Bb1 Bb3 32. Re1 Bc4 33. Ra5 Nc6 34. Nxc6+
Rxc6 35. Ra8 Kf6 36. e4 f4 37. e5+ Kg7 38. Be4 Bd5 39. Rb8 Bxe4 40. Rxe4 Rc2
41. Rxf4 h5 42. Kh2 Rdd2 43. Kg3 Rxg2+ 44. Kh4 Rc4 45. Rxc4 bxc4 46. Rc8 Re2
47. f4 Re4 48. Kg5 c3 49. Rxc3 Rxb4 50. Rf3 Rb5 51. Kxh5 f6 52. Re3 Rb4 53. Kg4
fxe5 54. Rxe5 Kf6 55. Re3 Rb1 56. h4 Rg1+ 57. Rg3 Rxg3+ 58. Kxg3 e5 1/2-1/2